[Event "Africa-ch U16"]
[Site "Monastir"]
[Date "2014.12.22"]
[Round "3.2"]
[White "Hbacha, Achraf"]
[Black "Nassr, Ahmed"]
[Result "1-0"]
[WhiteElo "1973"]
[BlackElo "1960"]
[PlyCount "77"]
[EventDate "2014.12.21"]
[EventType "swiss"]
[EventRounds "9"]
[EventCountry "TUN"]
[SourceTitle "EXT 2024"]
[Source "ChessBase"]
[SourceDate "2023.10.10"]
[SourceVersion "1"]
[SourceVersionDate "2023.10.10"]
[SourceQuality "1"]

1. g3 d6 2. Bg2 e5 3. e3 Nc6 4. Ne2 g6 5. 0-0 Bg7 6. f4 Nge7 7. Nbc3 0-0 8. d3 Be6 9. h3 Qd7 10. Kh2 Rab8 11. a4 a6 12. Ne4 f5 13. Ng5 h6 14. Nxe6 Qxe6 15. Nc3 Kh7 16. Re1 Qf7 17. Qf3 Nb4 18. Qf2 c6 19. e4 a5 20. Be3 Rbd8 21. Re2 fxe4 22. dxe4 exf4 23. Qxf4 Qc4 24. Qh4 Rde8 25. Rd2 d5 26. Rad1 dxe4 27. Nxe4 Nf5 28. Ng5+ Kh8 29. Qxc4 Nxe3 30. Qh4 Nxd1 31. Rxd1 Nxc2 32. Rd2 Ne3 33. Ne4 g5 34. Nxg5 Nf5 35. Qh5 Nxg3 36. Nf7+ Kg8 37. Kxg3 Rxf7 38. Re2 Rxe2 39. Qxe2 1-0

[Event "Wch U16"]
[Site "Durban"]
[Date "2014.09.27"]
[Round "9"]
[White "Nassr, Ahmed"]
[Black "Essop, Hishaam"]
[Result "1/2-1/2"]
[WhiteElo "1965"]
[BlackElo "1752"]
[PlyCount "35"]
[EventDate "2014.09.20"]
[EventType "swiss"]
[EventRounds "11"]
[EventCountry "RSA"]
[SourceTitle "CBM 162 Extra"]
[Source "ChessBase"]
[SourceDate "2014.10.17"]
[SourceVersion "1"]
[SourceVersionDate "2014.10.17"]
[SourceQuality "1"]

1. d4 Nf6 2. Nf3 g6 3. Nc3 Bg7 4. e4 d6 5. Be3 Nbd7 6. h3 0-0 7. Bc4 e5 8. dxe5 dxe5 9. 0-0 Qe7 10. Qe2 c6 11. a4 a5 12. Rfd1 Nc5 13. Ng5 Qc7 14. Qd3 b6 15. Rab1 Ba6 16. Na2 Nh5 17. Bxa6 Rxa6 18. Nc3 1/2-1/2

[Event "Wch U16"]
[Site "Durban"]
[Date "2014.09.26"]
[Round "8"]
[White "Tshabalala, Ernest"]
[Black "Nassr, Ahmed"]
[Result "1/2-1/2"]
[WhiteElo "1827"]
[BlackElo "1965"]
[PlyCount "65"]
[EventDate "2014.09.20"]
[EventType "swiss"]
[EventRounds "11"]
[EventCountry "RSA"]
[SourceTitle "CBM 162 Extra"]
[Source "ChessBase"]
[SourceDate "2014.10.17"]
[SourceVersion "1"]
[SourceVersionDate "2014.10.17"]
[SourceQuality "1"]

1. e4 c5 2. Nf3 Nc6 3. d4 cxd4 4. Nxd4 e6 5. Nc3 Nf6 6. Be3 a6 7. Be2 Be7 8. 0-0 0-0 9. Qd2 Qc7 10. f4 d6 11. Rad1 Bd7 12. Bf3 Rac8 13. Nxc6 Bxc6 14. Kh1 b5 15. a3 Nd7 16. e5 d5 17. Qf2 Rb8 18. Qg3 Kh8 19. Bd4 Bc5 20. Bxc5 Nxc5 21. Bg4 g6 22. Rd4 a5 23. b4 axb4 24. axb4 Na4 25. Nxa4 bxa4 26. Qa3 Bb5 27. Rc1 Rfc8 28. c3 Rb6 29. c4 dxc4 30. Be2 Rd8 31. Qc3 Rxd4 32. Qxd4 Rc6 33. Qc3 1/2-1/2

[Event "Wch U16"]
[Site "Durban"]
[Date "2014.09.25"]
[Round "7"]
[White "Nassr, Ahmed"]
[Black "Modi, Sachin"]
[Result "1/2-1/2"]
[WhiteElo "1965"]
[BlackElo "1676"]
[PlyCount "50"]
[EventDate "2014.09.20"]
[EventType "swiss"]
[EventRounds "11"]
[EventCountry "RSA"]
[SourceTitle "CBM 162 Extra"]
[Source "ChessBase"]
[SourceDate "2014.10.17"]
[SourceVersion "1"]
[SourceVersionDate "2014.10.17"]
[SourceQuality "1"]

1. d4 Nf6 2. Nf3 g6 3. Nc3 d5 4. Bf4 Bg7 5. e3 0-0 6. Be2 c5 7. Ne5 cxd4 8. exd4 Nc6 9. Qd2 Ne4 10. Nxe4 dxe4 11. Nxc6 bxc6 12. c3 e5 13. dxe5 Qxd2+ 14. Kxd2 Re8 15. Rad1 Bxe5 16. Bxe5 Rxe5 17. Kc1 Be6 18. b3 Kf8 19. Rhe1 Ke7 20. Kb2 Rd5 21. Rxd5 cxd5 22. Rd1 f5 23. Rd4 Rb8 24. Kc2 Kf6 25. Kd2 Ke5 1/2-1/2